Al Ma'mal Foundation for Contemporary Art Jerusalem/ (Record no. 6612)
[ view plain ]
| 000 -LEADER | |
|---|---|
| fixed length control field | 00706nam a2200145Ia 4500 |
| 001 - CONTROL NUMBER | |
| control field | 6612 |
| 008 - FIXED-LENGTH DATA ELEMENTS--GENERAL INFORMATION | |
| fixed length control field | 260622s9999 xx 000 0 und d |
| 245 #0 - TITLE STATEMENT | |
| Title | Al Ma'mal Foundation for Contemporary Art Jerusalem/ |
| Remainder of title | مؤسسة المعمل للفن المعاصر- القدس |
| 260 ## - PUBLICATION, DISTRIBUTION, ETC. | |
| Place of publication, distribution, etc. | Jerusalem; |
| Name of publisher, distributor, etc. | Al Ma'mal Foundation for Contemporary Art; |
| Date of publication, distribution, etc. | 2007 |
| 300 ## - PHYSICAL DESCRIPTION | |
| Extent | 130p; |
| Dimensions | A4 spiral bound book |
| 520 ## - SUMMARY, ETC. | |
| Summary, etc. | Artist portfolios: Jawad al Malhi, Khaled Hourani, Nabil Anani, Rula Halawani, Sliman Mansour, Tayseer Barakat, Vera Tamari, Tarek al Ghoussein, Jumana Emil Abboud, Sharif Waked. |
| 650 ## - SUBJECT ADDED ENTRY--TOPICAL TERM | |
| Topical term or geographic name entry element | NX798-820 Arts centers and facilities |
| 9 (RLIN) | 5643 |
| 651 ## - SUBJECT ADDED ENTRY--GEOGRAPHIC NAME | |
| Geographic name | Levant |
| Geographic subdivision | Palestine فلسطين |
| 9 (RLIN) | 9451 |
| 942 ## - ADDED ENTRY ELEMENTS (KOHA) | |
| Koha item type | Book |
| Withdrawn status | Lost status | Damaged status | Not for loan | Collection | Home library | Current library | Date acquired | Total Checkouts | Full call number | Barcode | Date last seen | Price effective from | Koha item type |
|---|---|---|---|---|---|---|---|---|---|---|---|---|---|
| Arts in General | SAF Reference Library | SAF Reference Library | 06/22/2026 | NX798-820 10.704 | 6612 | 06/22/2026 | 06/22/2026 | Book | |||||
| Arts in General | SAF Reference Library | SAF Reference Library | 06/22/2026 | NX798-820 10.704 | 06/22/2026 | 06/22/2026 | Book | ||||||
| Arts in General | SAF Reference Library | SAF Reference Library | 06/22/2026 | NX798-820 10.704 | 06/22/2026 | 06/22/2026 | Book |